1971 1140 1315 1387 1128 1895 1042 1231 1869 1861 1312 1715 1571 1832 1783 1618 1419 1745 1501 1539 1781 1101 1788 1702 1665 1404 1155 1518 1867 1243 1687 1402 1619 1840 1278 1750 1812 1883 1184 1255 1147 1826 1780 1029 1693 1295 1134 1486 1843 1873 1705 1179 1475 1115 1646 1508 1031 1096 1677 1457 1400 1750 1449 1286 1561 1412 1783 1782 1654 1917 1269 1093 1758 1112 1317 1805 1322 1250 1791 1063 1697 1617 1067 1738 1296 1022 1078 1867 1306 1270 1550 1340 1630 1643 1128 1772 1182 1306 1788 BCNSPRNW ULIB Ver.6.0+V

เปลี่ยนเป็นภาษาไทย

Change to English
 แสดงรายละเอียดบรรณานุกรม
  กลับหน้าหลัก

Brief Record : Get Marc (ISO 2709) : E-mail record : QR code < ปิดหน้าต่าง
LEADER : 00000nam 2200000uu 4500
001    13399111648
003     ULIB
008    110704s||||||||th 000 0 tha d
020    9741321767
060 04 QV38^bค111ภ 2545
245 00 เภสัชวิทยา /^cบรรณาธิการ, คณาจารย์ ภาควิชาเภสัชวิทยาคณะแพทยศาสตร์ จุฬาลงกรณ์มหาวิทยาลัย
250    พิมพ์ครั้งที่ 4 (ฉบับปรับปรุงใหม่, 2545)
260    กรุงเทพฯ :^bโรงพิมพ์แห่งจุฬาลงกรณ์มหาวิทยาลัย,^c2545
300    [7], 443 หน้า :^bภาพประกอบ ;^c30 ซม.
650  4 เภสัชวิทยา
700 2  คณาจารย์ภาควิชาเภสัชวิทยา,^eบรรณาธิการ
710 2  จุฬาลงกรณ์มหาวิทยาลัย. ^bคณะแพทยศาสตร์.^bภาควิชาเภสัชวิทยา
945    ^p350^l0^i11972
945    ^p350^l0^i11969
995    กัณชพร
999 ^a ใช้งานได้ทุกระบบ
รายการนี้ยังไม่มีแท็ก
คุณยังไม่ได้ล็อกอิน คุณสามารถมีกิจกรรมร่วมกับเว็บไซต์ได้ แต่ต้องล็อกอินก่อน ::
  ล็อกอิน

รายการสื่อสารสนเทศ

ลำดับที่ ประเภท เลขเรียก/บาร์โค้ด สถานที่ สถานะ
- ไม่พบข้อมูล -

รายการใกล้เคียง
    หัวเรื่อง [เภสัชวิทยา]

BibComment


ยังไม่เคยถูกคอมเมนท์

คอมเมนท์ทรัพยากรรายการนี้
  คอมเมนท์: เภสัชวิทยา บรรณา..


 Copyright 2026. Bcnsprnw @Library